[Event "BL 1516 Hamburger SK - Schachfr. Berlin"]
[Site "?"]
[Date "2016.04.24"]
[Round "15.7"]
[White "Sprenger, Jan Michael"]
[Black "Carlstedt, Jonathan"]
[Result "0-1"]
[WhiteElo "2506"]
[BlackElo "2459"]
[PlyCount "114"]
[EventDate "2016.??.??"]

1. e4 e5 2. Nf3 Nc6 3. Bb5 a6 4. Ba4 Nf6 5. O-O Bc5 6. c3 b5 7. Bb3 d6 8. d4
Bb6 9. a4 Bg4 10. axb5 axb5 11. Rxa8 Qxa8 12. h3 Bh5 13. Re1 Qc8 14. Qd3 O-O
15. Qxb5 Qb7 16. Ba4 Ne7 17. Nbd2 Ra8 18. Nc4 Bxf3 19. gxf3 Qc8 20. dxe5 dxe5
21. Nxb6 cxb6 22. Kh2 Ng6 23. Rd1 Nh4 24. Rd3 h6 25. Qxb6 Nxf3+ 26. Rxf3 Rxa4
27. Bxh6 Ra6 28. Qb3 gxh6 29. Rg3+ Kf8 30. Qb4+ Ke8 31. Qb5+ Ke7 32. Qxe5+ Re6
33. Qf4 Rxe4 34. Qxh6 Qc5 35. Qd2 Qe5 36. Kg2 Re2 37. Qd3 Nd5 38. Qd4 Qxd4 39.
cxd4 Rxb2 40. Kf3 f5 41. Kg2 Rd2 42. Ra3 Rxd4 43. Kg3 Kf6 44. Ra6+ Kg5 45. Ra3
Nf6 46. Kg2 Ne4 47. Rb3 Rd2 48. Rf3 Rc2 49. Kg1 Rc3 50. Kg2 f4 51. Rxc3 Nxc3
52. Kf3 Kf5 53. Kg2 Ne4 54. Kf3 Ng5+ 55. Kg2 Nf7 56. Kf3 Ne5+ 57. Ke2 Kg5 0-1

[Event "BL 1516 Hamburger SK - Schachfr. Berlin"]
[Site "?"]
[Date "2016.04.24"]
[Round "15.8"]
[White "Heinemann, Thies"]
[Black "Baldauf, Marco"]
[Result "1/2-1/2"]
[WhiteElo "2458"]
[BlackElo "2413"]
[PlyCount "96"]
[EventDate "2016.??.??"]

1. e4 e5 2. Nf3 Nc6 3. Bb5 Nf6 4. Qe2 Bc5 5. c3 O-O 6. O-O Re8 7. d3 a6 8. Ba4
h6 9. h3 b5 10. Bc2 d6 11. b4 Bb6 12. a4 Be6 13. Be3 Bxe3 14. Qxe3 d5 15. Na3
Rb8 16. Rfb1 Qd6 17. Qe1 Red8 18. Rb2 d4 19. Nb1 Nh5 20. cxd4 Nxd4 21. Nxd4
Qxd4 22. Qc3 Nf4 23. Qxd4 Rxd4 24. axb5 axb5 25. Ra6 Nxd3 26. Bxd3 Rxd3 27. Rc6
Rb7 28. Rc5 f6 29. Nc3 Bc4 30. Nd5 Rd4 31. f3 Bxd5 32. exd5 Kf8 33. Rbc2 Rxb4
34. Rxc7 Rxc7 35. Rxc7 Rd4 36. Rd7 Ke8 37. Rxg7 Rxd5 38. Rb7 Kd8 39. Kf2 Kc8
40. Rb6 Kc7 41. Rxf6 b4 42. Rxh6 b3 43. Rh4 Rd4 44. Rh7+ Kc6 45. Rh8 Rb4 46.
Rc8+ Kd5 47. Rc1 b2 48. Rb1 Rb3 1/2-1/2

[Event "BL 1516 SK Norderstedt - USV TU Dresden"]
[Site "?"]
[Date "2016.04.24"]
[Round "15.1"]
[White "Gajewski, Grzegorz"]
[Black "Olszewski, Michal"]
[Result "1-0"]
[WhiteElo "2627"]
[BlackElo "2546"]
[PlyCount "81"]
[EventDate "2016.??.??"]

1. Nf3 Nf6 2. c4 e6 3. Nc3 Bb4 4. Qc2 c5 5. g3 Nc6 6. Bg2 O-O 7. O-O Qe7 8. d3
h6 9. e4 d6 10. h3 Bd7 11. Ne2 Rab8 12. g4 Nh7 13. h4 f5 14. exf5 exf5 15. g5
hxg5 16. Nxg5 Nxg5 17. Bxg5 Qf7 18. Bd5 Be6 19. Bxc6 bxc6 20. Nf4 Qd7 21. Kh1
Bf7 22. Rg1 Kh7 23. Rg3 Rfe8 24. b3 Re1+ 25. Rxe1 Bxe1 26. Qb2 Rg8 27. h5 d5
28. Ng6 f4 29. Bxf4 Qf5 30. Qe5 Qxe5 31. Bxe5 Re8 32. Kg2 Bd2 33. f4 Be6 34.
Nh4 Re7 35. Nf3 Bc1 36. Rg6 Bf5 37. Ng5+ Kg8 38. Rd6 Re8 39. cxd5 cxd5 40. Rxd5
Rc8 41. Kf3 1-0

[Event "BL 1516 SK Norderstedt - USV TU Dresden"]
[Site "?"]
[Date "2016.04.24"]
[Round "15.2"]
[White "Bekker-Jensen, Simon"]
[Black "Bartel, Mateusz"]
[Result "0-1"]
[WhiteElo "2454"]
[BlackElo "2634"]
[PlyCount "136"]
[EventDate "2016.??.??"]

1. d4 Nf6 2. c4 b6 3. Nc3 Bb7 4. d5 e6 5. a3 Bd6 6. Nf3 O-O 7. g3 c6 8. dxc6
dxc6 9. Bg2 Qe7 10. O-O c5 11. Bg5 Nbd7 12. h3 h6 13. Be3 Ne5 14. Nd2 Bxg2 15.
Kxg2 Nc6 16. Nf3 Be5 17. Nxe5 Nxe5 18. Qa4 Ne8 19. Bf4 Ng6 20. Qc6 Nxf4+ 21.
gxf4 Nd6 22. b3 Rac8 23. Qf3 Nf5 24. Qe4 Rfd8 25. Rad1 Nd4 26. Qb1 Qc7 27. e3
Qb7+ 28. f3 Nf5 29. Kf2 Qe7 30. Ne4 Qh4+ 31. Ke2 Qxh3 32. Rf2 Rxd1 33. Qxd1 Qh4
34. Qd7 Rd8 35. Qc7 Qe7 36. Qxe7 Nxe7 37. b4 cxb4 38. axb4 Nc6 39. b5 Na5 40.
Nd2 f5 41. Rf1 Kf7 42. Rb1 Ke7 43. Rg1 Kf7 44. Rb1 Ke7 45. Rg1 Kf6 46. Rb1 g5
47. Rh1 Kg6 48. Rg1 Rd7 49. e4 Nb7 50. fxg5 hxg5 51. f4 g4 52. Nf3 Rh7 53. Ng5
Rh2+ 54. Ke3 Nc5 55. Ra1 e5 56. Rxa7 exf4+ 57. Kxf4 Rf2+ 58. Kg3 Rf1 59. exf5+
Kxg5 60. Rg7+ Kf6 61. Rg6+ Kxf5 62. Rxb6 Ne4+ 63. Kg2 Rf2+ 64. Kg1 Rc2 65. Rc6
Ng5 66. Rc8 g3 67. Rg8 Nf3+ 68. Kf1 Rf2# 0-1

[Event "BL 1516 SK Norderstedt - USV TU Dresden"]
[Site "?"]
[Date "2016.04.24"]
[Round "15.3"]
[White "Socko, Bartosz"]
[Black "Kopylov, Michael"]
[Result "1-0"]
[WhiteElo "2584"]
[BlackElo "2414"]
[PlyCount "75"]
[EventDate "2016.??.??"]

1. d4 d5 2. c4 c6 3. e3 Nf6 4. Nf3 Bf5 5. Nc3 e6 6. Nh4 Be4 7. f3 Bg6 8. Qb3
Qc7 9. Bd2 Be7 10. Nxg6 hxg6 11. g3 a6 12. Rc1 Nbd7 13. cxd5 Nxd5 14. e4 Nxc3
15. bxc3 e5 16. f4 Nf6 17. Bg2 exf4 18. Bxf4 Qd7 19. O-O O-O 20. Rcd1 b5 21. c4
Rfd8 22. c5 a5 23. a4 bxa4 24. Qxa4 Qe6 25. Rfe1 Ra7 26. Bd6 Ng4 27. Bh3 Bxd6
28. cxd6 Rxd6 29. d5 Qc8 30. e5 Rxd5 31. Bxg4 Rxd1 32. Qxd1 Qe8 33. e6 f5 34.
Bf3 Qe7 35. Qa4 Qc5+ 36. Kg2 Kf8 37. Qh4 Qc3 38. Qd8# 1-0

[Event "BL 1516 SK Norderstedt - USV TU Dresden"]
[Site "?"]
[Date "2016.04.24"]
[Round "15.4"]
[White "Powierski, Emil"]
[Black "Maiwald, Jens-Uwe"]
[Result "1/2-1/2"]
[WhiteElo "2317"]
[BlackElo "2454"]
[PlyCount "88"]
[EventDate "2016.??.??"]

1. e4 g6 2. d4 Bg7 3. Nc3 d6 4. f4 a6 5. Nf3 b5 6. Bd3 Nd7 7. e5 c5 8. Be4 Rb8
9. O-O Nh6 10. dxc5 Nxc5 11. Bc6+ Bd7 12. Bxd7+ Qxd7 13. exd6 exd6 14. Be3 Ne6
15. Nd4 O-O 16. Kh1 Rfe8 17. Nxe6 fxe6 18. Bd4 Nf5 19. Bxg7 Qxg7 20. Qd3 d5 21.
a3 Rbc8 22. Rae1 Qd4 23. g4 Qxd3 24. cxd3 Nd4 25. Kg2 a5 26. Rf2 b4 27. axb4
axb4 28. Ne2 Nc2 29. Rc1 e5 30. fxe5 Rxe5 31. Kg1 Rc6 32. Nf4 b3 33. Re2 Rxe2
34. Nxe2 d4 35. Ng3 Rf6 36. Rf1 Kg7 37. Ne4 Rc6 38. Rc1 Ra6 39. Nc5 Ra2 40. Rb1
Kf6 41. Nxb3 Kg5 42. h3 Nb4 43. Nxd4 Nxd3 44. Kg2 Rxb2+ 1/2-1/2

[Event "BL 1516 SK Norderstedt - USV TU Dresden"]
[Site "?"]
[Date "2016.04.24"]
[Round "15.5"]
[White "Gauglitz, Gernot"]
[Black "Polischuk, Viktor"]
[Result "0-1"]
[WhiteElo "2396"]
[BlackElo "2295"]
[PlyCount "68"]
[EventDate "2016.??.??"]

1. d4 Nf6 2. Nf3 c5 3. c3 e6 4. g3 d5 5. Bg2 Be7 6. O-O O-O 7. Nbd2 b6 8. Ne5
Bb7 9. e3 Qc7 10. f4 Nc6 11. h4 Rad8 12. Qe2 Qc8 13. Rf2 Rde8 14. Nd3 Ba6 15.
g4 Nxg4 16. Qxg4 Bxd3 17. h5 Bf5 18. Qg3 h6 19. Nf3 Qd8 20. Bd2 Kh7 21. Kh1 Rg8
22. Rg1 g6 23. Qh2 gxh5 24. Qxh5 Rg6 25. dxc5 bxc5 26. e4 dxe4 27. Ng5+ Bxg5
28. fxg5 Ne5 29. Bf4 Nd3 30. Rd2 Reg8 31. Be3 Rxg5 32. Bxg5 Rxg5 33. Qxf7+ Rg7
34. Qh5 e3 0-1

[Event "BL 1516 SK Norderstedt - USV TU Dresden"]
[Site "?"]
[Date "2016.04.24"]
[Round "15.6"]
[White "Jochens, Arne"]
[Black "Hoffmann, Paul"]
[Result "0-1"]
[WhiteElo "2259"]
[BlackElo "2364"]
[PlyCount "56"]
[EventDate "2016.??.??"]

1. c4 e5 2. g3 d6 3. Nc3 f5 4. d4 Be7 5. Nd5 Nf6 6. Nxe7 Qxe7 7. Bg2 O-O 8. Bg5
h6 9. Bxf6 Qxf6 10. Qb3 Nc6 11. Bxc6 bxc6 12. dxe5 Qxe5 13. Nf3 Qa5+ 14. Kf1
Qc5 15. Kg2 f4 16. Qc3 Qh5 17. Rhd1 c5 18. b4 Bb7 19. bxc5 Qxc5 20. Qd4 Qh5 21.
Qc3 Rae8 22. c5 Kh8 23. Rab1 Ba6 24. Ng1 Bxe2 25. Rd4 fxg3 26. fxg3 Qf5 27. Re1
Qf2+ 28. Kh1 Bf1 0-1

[Event "BL 1516 SK Norderstedt - USV TU Dresden"]
[Site "?"]
[Date "2016.04.24"]
[Round "15.7"]
[White "Vogel, Roven"]
[Black "Michna, Christian"]
[Result "1-0"]
[WhiteElo "2423"]
[BlackElo "2276"]
[PlyCount "99"]
[EventDate "2016.??.??"]

1. Nf3 Nf6 2. c4 g6 3. Nc3 Bg7 4. d4 O-O 5. g3 d6 6. Bg2 c6 7. O-O Qb6 8. b3 e5
9. dxe5 dxe5 10. Qc2 Re8 11. Be3 Qc7 12. Rad1 Bf5 13. Qc1 Na6 14. h3 Ne4 15.
Nb1 Nd6 16. c5 Nb5 17. Na3 Nxa3 18. Qxa3 Be4 19. Qa4 Bd5 20. Ng5 Red8 21. Qh4
h6 22. Ne4 g5 23. Qg4 Be6 24. Qh5 f5 25. Nd6 Bf7 26. Qf3 f4 27. gxf4 gxf4 28.
Bc1 Nxc5 29. Nf5 Rxd1 30. Rxd1 Rd8 31. Rxd8+ Qxd8 32. Qc3 Ne6 33. Nxg7 Nxg7 34.
Bb2 Qd1+ 35. Bf1 Qd6 36. Qxe5 Qxe5 37. Bxe5 Ne6 38. h4 Kh7 39. Bh3 Kg6 40. Bg4
a5 41. Kg2 h5 42. Bh3 Nc5 43. Bxf4 Bxb3 44. axb3 Nxb3 45. Bd6 a4 46. e4 c5 47.
e5 a3 48. e6 a2 49. e7 a1=Q 50. e8=Q+ 1-0

[Event "BL 1516 SK Norderstedt - USV TU Dresden"]
[Site "?"]
[Date "2016.04.24"]
[Round "15.8"]
[White "Kahlert, Thomas"]
[Black "Moehn, Hans"]
[Result "0-1"]
[WhiteElo "2229"]
[BlackElo "2412"]
[PlyCount "82"]
[EventDate "2016.??.??"]

1. c4 c6 2. e4 d5 3. exd5 cxd5 4. cxd5 Nf6 5. Nc3 Nxd5 6. Nf3 Nc6 7. d4 e6 8.
Bd3 Be7 9. O-O O-O 10. Re1 Bf6 11. Be4 Nxc3 12. bxc3 Qa5 13. Qd3 g6 14. Rb1 Ne7
15. Bd2 Qc7 16. Bh6 Rd8 17. Qd2 Nc6 18. Qf4 Qxf4 19. Bxf4 Rd7 20. Nd2 Ne7 21.
Nc4 Nd5 22. Bxd5 Rxd5 23. Nd6 b6 24. Rbd1 Ba6 25. f3 Be7 26. Ne4 Kg7 27. Rd2
Rc8 28. Rc1 f6 29. h4 h6 30. g3 Bc4 31. Kg2 g5 32. hxg5 hxg5 33. Be3 Ra5 34.
Rcc2 Bd5 35. g4 Rc4 36. Rd1 Rca4 37. Nd2 Rxa2 38. Rxa2 Rxa2 39. Kf1 Rc2 40. c4
Bxc4+ 41. Nxc4 Rxc4 0-1

[Event "BL 1617 Hamburger SK - SV Hockenheim"]
[Site "?"]
[Date "2016.10.15"]
[Round "1.2"]
[White "Svane, Rasmus"]
[Black "Howell, David W L"]
[Result "1/2-1/2"]
[WhiteElo "2552"]
[BlackElo "2644"]
[PlyCount "57"]
[EventDate "2016.??.??"]

1. Nf3 Nf6 2. c4 c5 3. Nc3 Nc6 4. g3 d5 5. cxd5 Nxd5 6. Bg2 g6 7. Ne4 Qb6 8. d3
Bf5 9. Nfd2 Bxe4 10. Bxe4 Rd8 11. Nc4 Qa6 12. Ne3 e6 13. Bd2 Bg7 14. Qc1 Nd4
15. Nc2 Nf6 16. Nxd4 Nxe4 17. Nf3 Nxd2 18. Nxd2 b6 19. O-O O-O 20. Qc2 Rd4 21.
a3 Rfd8 22. Rab1 h5 23. b4 cxb4 24. axb4 Qb5 25. Qc7 R4d7 26. Qf4 Rd4 27. Qc7
R4d7 28. Qf4 Rd4 29. Qc7 1/2-1/2

[Event "BL 1617 Hamburger SK - SV Hockenheim"]
[Site "?"]
[Date "2016.10.15"]
[Round "1.3"]
[White "Buhmann, Rainer"]
[Black "Ftacnik, Lubomir"]
[Result "1/2-1/2"]
[WhiteElo "2633"]
[BlackElo "2552"]
[PlyCount "125"]
[EventDate "2016.??.??"]

1. d4 Nf6 2. c4 g6 3. Nf3 Bg7 4. e3 O-O 5. Be2 c5 6. d5 d6 7. Nc3 e6 8. e4 Re8
9. O-O exd5 10. exd5 Bf5 11. Bd3 Ne4 12. Nxe4 Bxe4 13. Bxe4 Rxe4 14. Qc2 Re8
15. Bg5 Qd7 16. Rae1 Na6 17. b3 Nc7 18. h3 Rxe1 19. Rxe1 Re8 20. Re4 b5 21. Qe2
bxc4 22. bxc4 Rxe4 23. Qxe4 Na8 24. Qe7 Nb6 25. Qxd7 Nxd7 26. Be7 Bf8 27. Bd8
f6 28. Kf1 Kf7 29. Ke2 Ke8 30. Ba5 Ne5 31. Nxe5 fxe5 32. Bd2 Be7 33. Kf3 Kf7
34. Kg4 Bd8 35. Kf3 Ke8 36. Ke4 Kd7 37. Bh6 Ke8 38. Kf3 Kf7 39. Kg4 Ba5 40. Bc1
Bd8 41. Bd2 Ke8 42. Bh6 Kf7 43. h4 Ba5 44. h5 Bd8 45. Bg5 Ba5 46. f3 Bb6 47.
Bd2 Bd8 48. Bc3 Be7 49. Ba5 Bf6 50. Bc7 Be7 51. Ba5 Bf6 52. Bd2 Bd8 53. g3 Bb6
54. Kg5 Kg7 55. Bc3 Bd8+ 56. Kg4 Kf7 57. Bd2 Bb6 58. f4 exf4 59. Bxf4 Bc7 60.
Bg5 Ba5 61. Bf4 Bc7 62. Kg5 Kg7 63. Kg4 1/2-1/2

[Event "BL 1617 Hamburger SK - SV Hockenheim"]
[Site "?"]
[Date "2016.10.15"]
[Round "1.4"]
[White "Lampert, Jonas"]
[Black "Balogh, Csaba"]
[Result "0-1"]
[WhiteElo "2500"]
[BlackElo "2621"]
[PlyCount "82"]
[EventDate "2016.??.??"]

1. e4 c5 2. Nf3 e6 3. d4 cxd4 4. Nxd4 a6 5. Bd3 Bc5 6. Nb3 Be7 7. Qg4 g6 8. Qe2
d6 9. O-O Nd7 10. a4 Ngf6 11. Bh6 Ne5 12. Nc3 Nfg4 13. Bf4 O-O 14. Rad1 Qc7 15.
Bg3 Nxd3 16. Qxd3 Ne5 17. Qd4 Nc4 18. Nd2 Na5 19. Nf3 Rd8 20. Rd3 b6 21. Rfd1
Bb7 22. Qb4 Nc4 23. Nd2 Ne5 24. Bxe5 dxe5 25. Qc4 Rdc8 26. Qxc7 Rxc7 27. Nf3 f6
28. g4 g5 29. Nd2 Rac8 30. Nb3 Bb4 31. Na2 Bf8 32. Nc3 b5 33. axb5 axb5 34.
Nxb5 Rxc2 35. Nd6 Bxd6 36. Rxd6 Bxe4 37. Rxe6 Rxb2 38. Na5 Ra2 39. Nb3 Bf3 40.
Rb1 Kf7 41. Rd6 Rb8 0-1

[Event "BL 1617 Hamburger SK - SV Hockenheim"]
[Site "?"]
[Date "2016.10.15"]
[Round "1.5"]
[White "Wagner, Dennis"]
[Black "Rogozenco, Dorian"]
[Result "1/2-1/2"]
[WhiteElo "2543"]
[BlackElo "2483"]
[PlyCount "187"]
[EventDate "2016.??.??"]

1. Nf3 d5 2. g3 g6 3. Bg2 Bg7 4. d4 c6 5. O-O Nf6 6. b3 O-O 7. Bb2 a5 8. c4 Bf5
9. Nc3 Ne4 10. Nh4 Nxc3 11. Bxc3 Be6 12. Qd3 Nd7 13. cxd5 cxd5 14. Qb5 Qb6 15.
Qxb6 Nxb6 16. e3 Bd7 17. Nf3 e6 18. a4 Rfc8 19. Rfc1 Bf8 20. Ne5 Be8 21. Bd2
Bd6 22. Nd3 Kf8 23. f3 Bc6 24. Ra2 Nd7 25. Rac2 Ba3 26. Ra1 Bd6 27. e4 b6 28.
e5 Be7 29. b4 Bb7 30. Rxc8+ Bxc8 31. b5 Bb7 32. Rc1 Rc8 33. Rxc8+ Bxc8 34. Bh6+
Ke8 35. f4 f5 36. h3 Bf8 37. Bxf8 Nxf8 38. g4 Ke7 39. Kf2 Bd7 40. Kg3 Kf7 41.
Bf3 Kg7 42. Nf2 Be8 43. Nd1 Bf7 44. Ne3 Kg8 45. Bd1 Be8 46. Ng2 Kg7 47. Ne1 Kg8
48. Bc2 Kg7 49. Nd3 Kg8 50. Kf3 Kg7 51. Nf2 Kg8 52. Nh1 Kg7 53. Ng3 Kg8 54. Bd1
Kg7 55. Ke3 Bf7 56. Kf2 Be8 57. Be2 Bf7 58. Bd1 Be8 59. h4 Bf7 60. Kg2 Be8 61.
Kf2 Bf7 62. Bf3 Kg8 63. Be2 Be8 64. Bd1 Kg7 65. h5 Kh6 66. hxg6 hxg6 67. Nf1
fxg4 68. Ne3 Nh7 69. Kg3 Bf7 70. Nxg4+ Kg7 71. Kh4 Bg8 72. Bc2 Bf7 73. Bd3 Bg8
74. Nh2 Bf7 75. Nf3 Be8 76. Nd2 Nf8 77. Kg5 Nh7+ 78. Kg4 Nf8 79. Nb3 Nd7 80.
Kg5 Bf7 81. Be2 Be8 82. Bg4 Bf7 83. Bh3 Bg8 84. Nc1 Bf7 85. Nd3 Nf8 86. Kh4 Nd7
87. Ne1 Nf8 88. Nf3 Nh7 89. Bg4 Bg8 90. Ng5 Nxg5 91. Kxg5 Bf7 92. Bh3 Bg8 93.
Bf1 Bf7 94. Bd3 1/2-1/2

[Event "BL 1617 Hamburger SK - SV Hockenheim"]
[Site "?"]
[Date "2016.10.15"]
[Round "1.6"]
[White "Kollars, Dmitrij"]
[Black "Moiseenko, Alexander"]
[Result "1/2-1/2"]
[WhiteElo "2491"]
[BlackElo "2648"]
[PlyCount "102"]
[EventDate "2016.??.??"]

1. e4 c5 2. Nf3 Nc6 3. d4 cxd4 4. Nxd4 e5 5. Nb5 d6 6. N1c3 a6 7. Na3 Be7 8.
Be3 Nf6 9. Nc4 b5 10. Nb6 Rb8 11. Nxc8 Qxc8 12. Be2 O-O 13. O-O b4 14. Nd5 Nxe4
15. Bf3 Nf6 16. Nxf6+ Bxf6 17. Qxd6 Nd4 18. Bxd4 Rd8 19. Qc6 Rxd4 20. Rfe1 Qxc6
21. Bxc6 Rbd8 22. Kf1 g6 23. a3 a5 24. axb4 axb4 25. Ra8 Kg7 26. Rxd8 Rxd8 27.
Re4 Rb8 28. Bd5 Rb5 29. Bc4 Ra5 30. Bb3 Be7 31. f4 Bd6 32. fxe5 Rxe5 33. Rxe5
Bxe5 34. h3 Bxb2 35. g4 f6 36. Kg2 Kh6 37. Bg8 Be5 38. Kf3 f5 39. gxf5 gxf5 40.
Be6 Kg5 41. Bd7 h5 42. Bc8 h4 43. Bd7 Kf6 44. Bc8 Bg3 45. Bd7 Ke5 46. Bc8 f4
47. Bd7 Kd4 48. Bf5 Kc3 49. Be4 Kd2 50. Bf5 Kc3 51. Be4 Kd2 1/2-1/2

[Event "BL 1617 Hamburger SK - SV Hockenheim"]
[Site "?"]
[Date "2016.10.15"]
[Round "1.7"]
[White "Baramidze, David"]
[Black "Carlstedt, Jonathan"]
[Result "1/2-1/2"]
[WhiteElo "2601"]
[BlackElo "2438"]
[PlyCount "91"]
[EventDate "2016.??.??"]

1. Nf3 d5 2. d4 Nf6 3. c4 e6 4. Nc3 Bb4 5. Bg5 h6 6. Bxf6 Qxf6 7. Qb3 c5 8. e3
cxd4 9. Nxd4 Nc6 10. cxd5 exd5 11. Bb5 Bxc3+ 12. Qxc3 Bd7 13. Bxc6 bxc6 14. Qc5
Qe7 15. Rc1 Qxc5 16. Rxc5 Ke7 17. Kd2 Kd6 18. Rhc1 Rhb8 19. b3 Rb6 20. Ra5 g5
21. a3 f5 22. g3 a6 23. b4 h5 24. Rh1 Rg8 25. Ne2 h4 26. gxh4 gxh4 27. Rg1 Rg4
28. f4 Be8 29. Ke1 Bh5 30. Rxg4 fxg4 31. e4 g3 32. e5+ Kd7 33. h3 Bxe2 34. Kxe2
d4 35. Rc5 Ke6 36. Rc4 c5 37. Rxc5 Kf5 38. Kf3 Rg6 39. e6+ Kf6 40. Kg2 Rg8 41.
Rd5 Rc8 42. Rxd4 Rc2+ 43. Kg1 Rc1+ 44. Kg2 Rc2+ 45. Kg1 Rc1+ 46. Kg2 1/2-1/2

[Event "BL 1617 Hamburger SK - SV Hockenheim"]
[Site "?"]
[Date "2016.10.15"]
[Round "1.8"]
[White "Heinemann, Thies"]
[Black "Braun, Arik"]
[Result "0-1"]
[WhiteElo "2466"]
[BlackElo "2579"]
[PlyCount "116"]
[EventDate "2016.??.??"]

1. e4 c6 2. d4 d5 3. e5 c5 4. dxc5 Nc6 5. Bf4 e6 6. Nd2 Bxc5 7. Nb3 Bb6 8. Nf3
Nge7 9. Bd3 Ng6 10. Bxg6 fxg6 11. c3 O-O 12. Qd2 Bd7 13. O-O h6 14. h4 a5 15.
Bg3 Qe7 16. Nbd4 Rac8 17. Rfd1 Nxd4 18. Nxd4 g5 19. hxg5 Qxg5 20. Qxg5 hxg5 21.
Rd3 Kh7 22. Kf1 Kg6 23. Ke2 Rh8 24. Kf3 Ba7 25. Kg4 b5 26. a3 Bb6 27. f3 Rc4
28. Bf2 Rh2 29. Rg1 Rc8 30. Bg3 Rh5 31. Re1 Rch8 32. Rdd1 Kf7 33. Bf2 Bc7 34.
Bg3 Ke7 35. f4 gxf4 36. Bxf4 Be8 37. Bg5+ Kf7 38. Rf1+ Kg6 39. Nf3 Kh7 40. Bf4
Kg8 41. Bg3 Rf5 42. Bf4 Bh5+ 43. Kg3 Bxf3 44. Rxf3 Kf7 45. Kf2 Kg6 46. Rg3+ Kf7
47. Rf3 Ke7 48. g4 Rxf4 49. Rxf4 Rh2+ 50. Ke3 Rxb2 51. Rdf1 Bxe5 52. Rf7+ Kd6
53. Ra7 Bxc3 54. Kd3 Rb3 55. Ra6+ Ke5 56. Rf7 d4 57. Rxg7 Rb2 58. Rg5+ Kf4 0-1

[Event "BL 1617 Werder Bremen - SV Griesheim"]
[Site "?"]
[Date "2016.10.15"]
[Round "1.1"]
[White "Tazbir, Marcin"]
[Black "Areshchenko, Alexander"]
[Result "1/2-1/2"]
[WhiteElo "2521"]
[BlackElo "2675"]
[PlyCount "41"]
[EventDate "2016.??.??"]

1. c4 g6 2. Nc3 c5 3. g3 Bg7 4. Bg2 Nc6 5. e3 e6 6. Nge2 Nge7 7. O-O O-O 8. d4
cxd4 9. Nxd4 d5 10. cxd5 Nxd5 11. Nxd5 exd5 12. Ne2 Bg4 13. h3 Bxe2 14. Qxe2 d4
15. Qb5 Qe7 16. Bd2 dxe3 17. Bxe3 Nd4 18. Bxd4 Bxd4 19. Rad1 Rfd8 20. Rd2 Bb6
21. Re2 1/2-1/2

[Event "BL 1617 Werder Bremen - SV Griesheim"]
[Site "?"]
[Date "2016.10.15"]
[Round "1.2"]
[White "McShane, Luke J"]
[Black "Jarmula, Lukasz"]
[Result "1-0"]
[WhiteElo "2655"]
[BlackElo "2466"]
[PlyCount "123"]
[EventDate "2016.??.??"]

1. e4 c5 2. Nf3 d6 3. d4 cxd4 4. Nxd4 Nf6 5. Nc3 a6 6. Be3 e5 7. Nf3 Qc7 8. a4
Be7 9. a5 O-O 10. Be2 Be6 11. O-O h6 12. h3 Qc6 13. Qd3 Nbd7 14. Rfd1 Nc5 15.
Bxc5 Qxc5 16. Nh2 Rac8 17. Ng4 Bxg4 18. Bxg4 Rc6 19. Ra4 Rb8 20. Rda1 Bd8 21.
Qe2 g6 22. Bf3 Kg7 23. R1a2 h5 24. h4 Ne8 25. g3 Nc7 26. R4a3 Ne6 27. Kg2 Bxh4
28. Nd5 Bd8 29. c3 h4 30. Ra1 Qc4 31. Qd1 Qc5 32. Qe2 Bg5 33. Rd1 Rh8 34. Bg4
Rcc8 35. Rb3 Rb8 36. Rb6 hxg3 37. fxg3 Rh6 38. b4 Qc8 39. Rxd6 Qh8 40. Qf3 Rh2+
41. Kg1 Rc2 42. Bxe6 Qh2+ 43. Kf1 fxe6 44. Rd7+ Kh8 45. Nf6 Rf8 46. Rf7 Rf2+
47. Qxf2 Qxf2+ 48. Kxf2 Rxf7 49. Rd7 Rxf6+ 50. Ke2 Rf8 51. Rxb7 Rc8 52. b5 axb5
53. a6 Ra8 54. a7 Bd8 55. Kd3 Kg8 56. Kc2 Kf8 57. Kb3 g5 58. g4 Ke8 59. Kb4
Be7+ 60. Kxb5 Kf7 61. Ka6 Kf6 62. Rb8 1-0

[Event "BL 1617 Werder Bremen - SV Griesheim"]
[Site "?"]
[Date "2016.10.15"]
[Round "1.3"]
[White "Walter, Stefan"]
[Black "Bluebaum, Matthias"]
[Result "0-1"]
[WhiteElo "2406"]
[BlackElo "2642"]
[PlyCount "78"]
[EventDate "2016.??.??"]

1. d4 Nf6 2. c4 e6 3. g3 d5 4. Nf3 Bb4+ 5. Bd2 Bd6 6. Nc3 O-O 7. Bg5 c6 8. Bg2
h6 9. Bxf6 Qxf6 10. O-O Qd8 11. e4 dxc4 12. Qe2 b5 13. Rfd1 a6 14. h4 Nd7 15.
e5 Be7 16. Nh2 Bb7 17. h5 Qc7 18. Ng4 Rad8 19. Qe3 Rfe8 20. Ne4 Bf8 21. Qf4 Qb8
22. Nd6 Bxd6 23. exd6 f6 24. Nxh6+ gxh6 25. d5 cxd5 26. Qg4+ Kh8 27. Qg6 Nf8
28. Qxf6+ Kg8 29. Rd4 Rd7 30. Rg4+ Kh7 31. Re1 Qd8 32. Qf4 Rg7 33. Bh3 Qd7 34.
Rxg7+ Qxg7 35. Bxe6 Kh8 36. Qf5 Bc8 37. Qxd5 Rxe6 38. Rxe6 Bxe6 39. Qa8 Kg8 0-1

[Event "BL 1617 Werder Bremen - SV Griesheim"]
[Site "?"]
[Date "2016.10.15"]
[Round "1.4"]
[White "Efimenko, Zahar"]
[Black "Baskin, Robert"]
[Result "1-0"]
[WhiteElo "2651"]
[BlackElo "2402"]
[PlyCount "149"]
[EventDate "2016.??.??"]

1. Nf3 Nf6 2. g3 g6 3. b3 Bg7 4. Bb2 d5 5. c4 c6 6. Bg2 O-O 7. O-O a5 8. d3 Bg4
9. Nbd2 Bxf3 10. Nxf3 Nbd7 11. Qc2 Qb8 12. Rac1 e5 13. cxd5 Nxd5 14. a3 Qd6 15.
Rfd1 Qe7 16. e4 Nc7 17. d4 Nb5 18. d5 c5 19. Bh3 f5 20. exf5 Nd6 21. f6 Qxf6
22. Bxd7 Qxf3 23. Re1 b6 24. Bxe5 Bxe5 25. Rxe5 Rad8 26. Re3 Qf6 27. Re6 Qf7
28. Rxd6 Rxd7 29. Rxd7 Qxd7 30. Rd1 Qd6 31. Qe2 Rd8 32. a4 Rd7 33. Qe8+ Kg7 34.
Qc8 Rd8 35. Qa6 Rd7 36. Qb5 Rd8 37. Kg2 Rc8 38. Kg1 Rd8 39. Re1 Qxd5 40. Qxb6
Rf8 41. Qxa5 Qxb3 42. Qxc5 Qxa4 43. h4 Re8 44. Rb1 Qe4 45. Rd1 Re7 46. h5 Kh6
47. Rd5 Qe1+ 48. Kg2 Rf7 49. Qd4 Qe2 50. Ra5 Qf3+ 51. Kg1 Rf5 52. Ra7 Rf7 53.
Rxf7 Qxf7 54. hxg6 Qxg6 55. Kg2 Qa6 56. Qf4+ Kg6 57. Qe5 h5 58. Qe4+ Kh6 59.
Qd5 Kg6 60. Qe4+ Kh6 61. Kf3 Qa2 62. Qc6+ Kg5 63. Kg2 Qe2 64. Qf3 Qa2 65. Qf4+
Kg6 66. Qd6+ Kg5 67. Qd4 Kg6 68. Qe5 Qc2 69. Qf4 Qa2 70. Kh2 Qc2 71. Kh3 Qc8+
72. g4 Qc3+ 73. Kg2 hxg4 74. Qxg4+ Kh7 75. Qh3+ 1-0

[Event "BL 1617 Werder Bremen - SV Griesheim"]
[Site "?"]
[Date "2016.10.15"]
[Round "1.5"]
[White "Grimm, Julius"]
[Black "Edouard, Romain"]
[Result "0-1"]
[WhiteElo "2288"]
[BlackElo "2628"]
[PlyCount "76"]
[EventDate "2016.??.??"]

1. d4 e6 2. c4 Bb4+ 3. Nc3 b6 4. e3 Bb7 5. Nf3 f5 6. d5 Bxc3+ 7. bxc3 Qf6 8.
Qd4 Na6 9. Be2 Nc5 10. O-O d6 11. dxe6 Qe7 12. Qd1 Nf6 13. Nd4 g6 14. f3 O-O-O
15. a4 a5 16. e4 fxe4 17. fxe4 Ncxe4 18. Bf3 h6 19. Qd3 Rdf8 20. Ba3 c5 21. Ne2
g5 22. Ng3 Nxg3 23. Bxb7+ Kxb7 24. hxg3 Qxe6 25. Rae1 Qd7 26. Rf5 Ka6 27. Ref1
Qe7 28. Qb1 Ka7 29. Bc1 Nd7 30. Rd1 Ne5 31. Rxf8 Rxf8 32. Qe4 Qe6 33. Rd5 Rf6
34. Bd2 Qf5 35. Qxf5 Rxf5 36. Rxd6 Nxc4 37. Rd7+ Ka6 38. Bc1 Rf6 0-1

[Event "BL 1617 Werder Bremen - SV Griesheim"]
[Site "?"]
[Date "2016.10.15"]
[Round "1.6"]
[White "Nyback, Tomi"]
[Black "Koehler, Ronald"]
[Result "1-0"]
[WhiteElo "2572"]
[BlackElo "2282"]
[PlyCount "81"]
[EventDate "2016.??.??"]

1. d4 Nf6 2. c4 e6 3. Nf3 c5 4. d5 exd5 5. cxd5 d6 6. Nc3 g6 7. Bf4 a6 8. a4
Bg7 9. h3 O-O 10. e3 Re8 11. Nd2 Nbd7 12. Be2 Ne5 13. O-O Nfd7 14. e4 Qe7 15.
Re1 g5 16. Bh2 Nf8 17. Bxe5 Bxe5 18. Bg4 Ng6 19. Nc4 Qf6 20. Bxc8 Raxc8 21. Qc2
Nh4 22. Ne2 b5 23. axb5 axb5 24. Ne3 Bxb2 25. Ng4 Qg7 26. Rab1 Bd4 27. Nxd4
cxd4 28. Qd3 h5 29. Nh2 Rc3 30. Qxb5 Qe5 31. Qe2 Qh8 32. Rb6 d3 33. Qd2 Qd4 34.
Rc6 Rxc6 35. dxc6 Rxe4 36. c7 Rxe1+ 37. Qxe1 d2 38. c8=Q+ Kg7 39. Qd1 Qe4 40.
Qc3+ f6 41. f3 1-0